Customs offences / (Record no. 1889)

000 -LEADER
fixed length control field nam a22 a 4500
003 - CONTROL NUMBER IDENTIFIER
control field AKMAL
005 - DATE AND TIME OF LATEST TRANSACTION
control field 20170512114040.0
008 - FIXED-LENGTH DATA ELEMENTS--GENERAL INFORMATION
fixed length control field 170512s2000 my | g | 001 | eng d
020 ## - INTERNATIONAL STANDARD BOOK NUMBER
International Standard Book Number 9839088564 (hbk.) :
Terms of availability RM185.00
039 #9 - LEVEL OF BIBLIOGRAPHIC CONTROL AND CODING DETAIL [OBSOLETE]
Level of rules in bibliographic description 200601061551
Level of effort used to assign nonsubject heading access points normila
Level of effort used to assign subject headings 200601061547
Level of effort used to assign classification normila
Level of effort used to assign subject headings 200504281005
Level of effort used to assign classification suzani
040 ## - CATALOGING SOURCE
Original cataloging agency AKMAL
Transcribing agency AKMAL
082 04 - DEWEY DECIMAL CLASSIFICATION NUMBER
Classification number 345.5950233 CHE
Edition number 22
090 20 - LOCALLY ASSIGNED LC-TYPE CALL NUMBER (OCLC); LOCAL CALL NUMBER (RLIN)
Classification number (OCLC) (R) ; Classification number, CALL (RLIN) (NR) 345.5950233
Local cutter number (OCLC) ; Book number/undivided call number, CALL (RLIN) CHE
100 0# - MAIN ENTRY--PERSONAL NAME
Personal name Chew, Peng Hui
9 (RLIN) 3923
245 10 - TITLE STATEMENT
Title Customs offences /
Statement of responsibility, etc. by Chew Peng Hui
250 ## - EDITION STATEMENT
Edition statement 3rd. ed.
260 ## - PUBLICATION, DISTRIBUTION, ETC.
Place of publication, distribution, etc. Kuala Lumpur :
Name of publisher, distributor, etc. Sweet & Maxwell Asia,
Date of publication, distribution, etc. 2000
300 ## - PHYSICAL DESCRIPTION
Extent xlv, 426p. ;
Dimensions 23cm.
500 ## - GENERAL NOTE
General note Includes index
650 #0 - SUBJECT ADDED ENTRY--TOPICAL TERM
Topical term or geographic name entry element Customs administration
General subdivision Law and legislation
Geographic subdivision Malaysia
General subdivision Criminal provisions
9 (RLIN) 3924
650 #0 - SUBJECT ADDED ENTRY--TOPICAL TERM
Topical term or geographic name entry element Smuggling
Geographic subdivision Malaysia
9 (RLIN) 3925
942 ## - ADDED ENTRY ELEMENTS (KOHA)
Source of classification or shelving scheme
Koha item type Book
Holdings
Withdrawn status Lost status Source of classification or shelving scheme Damaged status Not for loan Collection code Home library Current library Date acquired Inventory number Total Checkouts Full call number Barcode Date last seen Date last checked out Price effective from Koha item type
          NON-FICTION AKMAL Melaka AKMAL Melaka 12.05.2017 305823 1 345.5950233 CHE 201705834 30.06.2023 12.06.2023 12.05.2017 Book
Pusat Sumber Maklumat Dato' Haji Sarmin Md Hussin, Akademi Kastam Diraja Malaysia, Melaka
Tel: 06-2331106 | Faks: 06-2313787